• 首页
  • 本馆介绍
  • 公告通知
  • 最新文献
  • 馆藏检索
  • 电子资源
  • 读者导购
  • 参考咨询
  • 我的图书馆
  • 登录
  • 详细信息显示
  • 放入我的书架
  • 预约/预借图书
  • 作者相关作品
  • 分类相关作品
  • 丛书相关作品
  • 出版社相关作品

书目信息

  • 表格格式
  • 工作单格式
  • 卡片格式
题名:
因难见巧
    
 
作者: 金圣华 , 黄国彬 主编
分册:  
出版信息: 北京   中国对外翻译出版公司  1998
页数: 16,199页
开本: 20cm
丛书名: 翻译理论与实务丛书
单 册:
中图分类: I046
科图分类:
主题词: 文学--翻译理论 , 翻译理论 , 文学
电子资源:
ISBN: 7-5001-0554-1
000 00964oam2 22002893 450
001 0199010669
005 20061109102405.89
010    @a7-5001-0554-1@dCNY10.30
100    @a20041130e20011998em y0chiy0110 ea
101 0  @achi
102    @aCN@b110000
105    @ay z 000yy
200 1  @a因难见巧@9yin nan jian qiao@e名家翻译经验谈@f金圣华,黄国彬主编
210    @a北京@c中国对外翻译出版公司@d1998@h2001重印
215    @a16,199页@d20cm
225 2  @a翻译理论与实务丛书
330    @a本书内容包括:与王尔德拔河记——《不可儿戏》译后;关于古典文学作品翻译的省思;论等效翻译;失败的经验——试谈翻译;谈文学作品的翻译等。
461  0 @12001 @a翻译理论与实务丛书
517 1  @a名家翻译经验谈@9ming jia fan yi jing yan tan
606 0  @a文学@x翻译理论
606 0  @a翻译理论
606 0  @a文学
690    @aI046@v4
701  0 @a金圣华@9jin sheng hua@4主编
701  0 @a黄国彬@9huang guo bin@4主编
801  0 @aCN@bNLC@c20061109
905    @a10447@dI046@e127
    
    因难见巧:名家翻译经验谈/金圣华,黄国彬主编.-北京:中国对外翻译出版公司,1998(2001重印)
    16,199页;20cm.-(翻译理论与实务丛书)
    
    
    ISBN 7-5001-0554-1:CNY10.30
    本书内容包括:与王尔德拔河记——《不可儿戏》译后;关于古典文学作品翻译的省思;论等效翻译;失败的经验——试谈翻译;谈文学作品的翻译等。
●
相关链接 在E读中查询图书 在五车中查询图书 在当当中查询图书 在豆瓣中查询图书


正题名:因难见巧     索取号:I046/127         预约/预借

序号 登录号 条形码 馆藏地/架位号 状态 备注
1 0385484   203854846   第一样本阅览室/ [索取号:I046/127] 在馆    
2 0385485   203854855   第二借阅区/ [索取号:I046/127] 在馆    
3 0385486   203854864   第二借阅区/ [索取号:I046/127] 在馆    
唐山师范学院图书馆 欢迎您!
大连网信软件有限公司© 版权所有